| 000 | 00985cam a22002898a 4500 | ||
|---|---|---|---|
| 001 | 4801048 | ||
| 005 | 20200421093825.0 | ||
| 008 | 120131r20122011enk b 001 0 eng d | ||
| 015 |
_aGBB211707 _2bnb |
||
| 020 |
_a9780141020792 (pbk.) : _c£12.99 |
||
| 020 |
_a0141020792 (pbk.) : _c£12.99 |
||
| 035 | _a(Uk)016025748 | ||
| 035 | _a2665397 | ||
| 040 |
_aStDuBDS _beng _cStDuBDS |
||
| 082 | 0 | 4 |
_a940.458 _223 |
| 100 | 1 |
_aStevenson, D. _q(David), _d1954- _9932 |
|
| 245 | 1 | 0 |
_aWith our backs to the wall : _bvictory and defeat in 1918 / _cDavid Stevenson. |
| 260 |
_aLondon : _bPenguin, _c2012, c2011. |
||
| 263 | _a201205 | ||
| 300 |
_a1 v. ; _c20 cm. |
||
| 500 | _aOriginally published: London: Allen Lane, 2011. | ||
| 504 | _aIncludes bibliographical references and index. | ||
| 650 | 0 |
_aWorld War, 1914-1918 _xCampaigns _zWestern Front. _9933 |
|
| 650 | 0 |
_aWorld War, 1914-1918 _xSocial aspects. _9934 |
|
| 650 | 0 |
_aWorld War, 1914-1918 _xEconomic aspects. _9935 |
|
| 942 |
_2ddc _cBK |
||
| 999 |
_c275 _d275 |
||